| 000 | 00417nam a22001577a 4500 | ||
|---|---|---|---|
| 999 |
_c3984 _d3984 |
||
| 008 | 200709b ||||| |||| 00| 0 eng d | ||
| 020 | _a0408013133 | ||
| 082 | 0 | 0 |
_a623.85 _bT2381 |
| 100 |
_91374 _aTaylor, D. A. |
||
| 245 | 1 | 0 |
_aMarine control practice / _cby D. A. Taylor |
| 250 | _a1st ed. | ||
| 260 |
_aLondon _bButterworths _c1987 |
||
| 300 | _a424 p. | ||
| 650 | 0 | _aMarine engines--Automatic control | |
| 942 | _cBK | ||